000 00512nam a2200181Ia 4500
001 16061
005 20260306170242.0
008 260306t2002||||xx |||||||||||||| ||und||
041 _aESP
082 _a346.6
_bC76
100 _aSoto Coaguila, Carlos Alberto (coord.)
_eAUT
245 0 _aContratación privada:
_bcontratos predispuestos, contratos conexos, código europeo de contratos
260 _c2002
300 _a422 páginas :
_c23 cm.
650 _aGEN
654 _aCDE
942 _cLIB
_dJUS
_fJUS
_2ddc
_n
999 _c16061
_d16061